Experiencing war / (Record no. 14309)

000 -LEADER
fixed length control field 01840cam a2200361 a 4500
001 - CONTROL NUMBER
control field 16212380
005 - DATE AND TIME OF LATEST TRANSACTION
control field 20170105102852.0
008 - FIXED-LENGTH DATA ELEMENTS--GENERAL INFORMATION
fixed length control field 100430s2011 enka j b 001 0 eng
010 ## - LIBRARY OF CONGRESS CONTROL NUMBER
LC control number 2010018474
015 ## - NATIONAL BIBLIOGRAPHY NUMBER
National bibliography number GBA9B5639
Source bnb
016 7# - NATIONAL BIBLIOGRAPHIC AGENCY CONTROL NUMBER
Record control number 015432871
Source Uk
020 ## - INTERNATIONAL STANDARD BOOK NUMBER
International Standard Book Number 9780415566308
020 ## - INTERNATIONAL STANDARD BOOK NUMBER
International Standard Book Number 0415566304
020 ## - INTERNATIONAL STANDARD BOOK NUMBER
International Standard Book Number 9780415566315 (pbk.)
020 ## - INTERNATIONAL STANDARD BOOK NUMBER
International Standard Book Number 0415566312 (pbk.)
035 ## - SYSTEM CONTROL NUMBER
System control number (OCoLC)ocn430052216
040 ## - CATALOGING SOURCE
Original cataloging agency DLC
Transcribing agency DLC
Modifying agency YDX
-- UKM
-- BTCTA
-- YDXCP
-- CDX
-- RCE
-- DLC
050 00 - LIBRARY OF CONGRESS CALL NUMBER
Classification number U22.3
Item number .E858 2011
082 00 - DEWEY DECIMAL CLASSIFICATION NUMBER
Classification number 303.66
Edition number 22
245 00 - TITLE STATEMENT
Title Experiencing war /
Statement of responsibility, etc. edited by Christine Sylvester.
260 ## - PUBLICATION, DISTRIBUTION, ETC.
Place of publication, distribution, etc. London ;
-- New York :
Name of publisher, distributor, etc. Routledge,
Date of publication, distribution, etc. 2011.
300 ## - PHYSICAL DESCRIPTION
Extent x, 136 p. :
Other physical details ill. ;
Dimensions 24 cm.
490 0# - SERIES STATEMENT
Series statement War, politics and experience
504 ## - BIBLIOGRAPHY, ETC. NOTE
Bibliography, etc. note Includes bibliographical references and index.
505 0# - FORMATTED CONTENTS NOTE
Formatted contents note Experiencing war : an introduction / Christine Sylvester -- The passions of protection : sovereign authority and humanitarian war / Anne Orford -- Gendered humanitarianism : reconsidering the ethics of war / Kimberly Hutchings -- Wars, bodies, and development / Brigitte Holzner -- Ruling exceptions : female soldiers and everyday experiences of civil conflict / Megan MacKenzie -- Experiencing the Cold War / Heonik Kwon -- On the uselessness of new wars theory : lessons from African conflicts / Stephen Chan -- Dilemmas of drawing war / Jill Gibbon -- Pathways to experiencing war / Christine Sylvester.
650 #0 - SUBJECT ADDED ENTRY--TOPICAL TERM
Topical term or geographic name entry element War
General subdivision Psychological aspects.
650 #0 - SUBJECT ADDED ENTRY--TOPICAL TERM
Topical term or geographic name entry element War and society.
700 1# - ADDED ENTRY--PERSONAL NAME
Personal name Sylvester, Christine.
856 42 - ELECTRONIC LOCATION AND ACCESS
Materials specified Contributor biographical information
Uniform Resource Identifier <a href="http://www.loc.gov/catdir/enhancements/fy1114/2010018474-b.html">http://www.loc.gov/catdir/enhancements/fy1114/2010018474-b.html</a>
906 ## - LOCAL DATA ELEMENT F, LDF (RLIN)
a 7
b cbc
c orignew
d 1
e ecip
f 20
g y-gencatlg
942 ## - ADDED ENTRY ELEMENTS (KOHA)
Source of classification or shelving scheme
Koha item type Book
Holdings
Withdrawn status Lost status Damaged status Not for loan Collection code Permanent Location Current Location Shelving location Date acquired Total Checkouts Full call number Barcode Date last seen Copy number Price effective from Koha item type Source of classification or shelving scheme
          Centre for International Peace & Stability (CIPS) Centre for International Peace & Stability (CIPS) General Stacks 08/21/2013   303.66 EXP 2011 CIPS0000376 08/21/2013 01 01/05/2017 Book  
          Centre for International Peace & Stability (CIPS) Centre for International Peace & Stability (CIPS) General Stacks 08/21/2013   303.66 EXP 2011 CIPS0001039 07/24/2017   07/24/2017 Book  
© 2023 Central Library, National University of Sciences and Technology. All Rights Reserved.